000 01303cam a2200313 a 4500
003 EG-GiCUC
008 151210s1998 ua ac g 000 0 ara d
017 _a1998 / 11221
_bمصر . دار الكتب
020 _a9771917711
040 _aEG-GiCUC
_bara
_cEG-GiCUC
092 0 4 _a279.12092
_bA535a
_221
099 _a04
_a279.12092 A535a
245 0 2 _aالاب جورج شحاته قنواتى الدومنيكانى 1905- 1994/
_cباشراف الاب ريجيس مورلون : هانى لبيب
246 2 4 _aابونا قنواتى
250 _aط1
260 _aالقاهرة :
_bمعهد الدراسات الشرقية للآباء الدومنيكان :
_c1998
300 _a211:18ص :
_b؛ ايض : صور
_c28سم
504 _aيشتمل على ارجاعات ببليوجرافية
600 1 0 _a قنواتى : جورج س :
_d1905 - 1994
650 7 _aالدومنيكان (المسيحية)
_vتراجم
_2qrmak
700 1 _aلبيب : هانى
700 1 _aمورلون : ريجيس
710 2 _aمعهد الدراسات الشرقية للآباء الدومنيكان
902 _a1
905 _aجيهان
_eمراجع
905 _aعفاف
_eمدخل
942 _2ddc
_cBK
999 _c141781
_d141781